000 00306 a2200157 4500
001 62620
020 _a
040 _cAnchieta - Pituba
100 _aGouveia, Luis Augusto
240 1 0 _aLucas
_lpor
245 1 0 _aLucas
300 _a33
362 0 _a2002
650 4 _aLiteratura juvenil
942 _cBK
999 _c62620
_d62620